书目信息 |
| 题名: |
印度尼西亚语三百句
|
|
| 作者: | 梁敏和 编著 | |
| 分册: | ||
| 出版信息: | 北京 北京大学出版社 2008.01 |
|
| 页数: | 218页 | |
| 开本: | 18cm | |
| 丛书名: | 外语实用口语三百句系列 | |
| 单 册: | ||
| 中图分类: | H631.294 | |
| 科图分类: | ||
| 主题词: | 印度尼西亚语--yin du ni xi ya yu--口语 | |
| 电子资源: | ||
| ISBN: | 978-7-301-02668-7 | |
| 000 | 01085nam 2200289 450 | |
| 001 | 012009426873 | |
| 005 | 20090503113236.37 | |
| 010 | @a978-7-301-02668-7@dCNY25.00 (含光盘) | |
| 016 | @aCN-A20-08-0004-0@b光盘 | |
| 100 | @a20090503d2008 em y0chi0120 ea | |
| 101 | 0 | @achi@aind |
| 102 | @aCN@b110000 | |
| 105 | @ay z 000yy | |
| 106 | @ar | |
| 200 | 1 | @a印度尼西亚语三百句@Ayin du ni xi ya yu san bai ju@d= 300 kalimat bahasa indonesia@f梁敏和编著@Fliang min he bian zhu@zind |
| 205 | @a第2版 | |
| 210 | @a北京@c北京大学出版社@d2008.01 | |
| 215 | @a218页@d18cm@e光盘1片 | |
| 225 | 2 | @a外语实用口语三百句系列@Awai yu shi yong kou yu san bai ju xi lie@v10 |
| 330 | @a本书介绍了印尼语语音结构及语法概况,读者可举一反三,触类旁通。此外本书还配有光盘,帮助读者掌握印尼语正确的发音。 | |
| 410 | 0 | @12001 @a外语实用口语三百句系列 |
| 510 | 1 | @a300 kalimat bahasa indonesia@zind |
| 606 | 0 | @a印度尼西亚语@Ayin du ni xi ya yu@x口语 |
| 690 | @aH631.294@v4 | |
| 701 | 0 | @a梁敏和@Aliang min he@4编著 |
| 801 | 0 | @aCN@bQSSK@c20090503 |
| 905 | @b742114-16@dH631.294@eL406@f3 | |
| 印度尼西亚语三百句= 300 kalimat bahasa indonesia/梁敏和编著.-第2版.-北京:北京大学出版社,2008.01 |
| 218页;18cm+光盘1片.-(外语实用口语三百句系列;10) |
| ISBN 978-7-301-02668-7:CNY25.00 (含光盘) |
| 本书介绍了印尼语语音结构及语法概况,读者可举一反三,触类旁通。此外本书还配有光盘,帮助读者掌握印尼语正确的发音。 |
| ● |
| 相关链接 |
|
|
|
正题名:印度尼西亚语三百句
索取号:H631.294/L406
 
预约/预借
| 序号 | 登录号 | 条形码 | 馆藏地/架位号 | 状态 | 备注 |
| 1 | 742114 | 207421146 | 语言库209/209语言库 138排2列1层/ [索取号:H631.294/L406] | 在馆 | |
| 2 | 742115 | 207421155 | 语言库209/209语言库 138排2列1层/ [索取号:H631.294/L406] | 在馆 | |
| 3 | 742116 | 207421164 | 语言库209/209语言库 138排2列1层/ [索取号:H631.294/L406] | 在馆 |